Tolerancia, ¿para que? / (Record no. 160180)
[ view plain ]
| 000 -LEADER | |
|---|---|
| fixed length control field | 00545nam a22001817a 4500 |
| 005 - DATE AND TIME OF LATEST TRANSACTION | |
| control field | 20240115135255.0 |
| 008 - FIXED-LENGTH DATA ELEMENTS--GENERAL INFORMATION | |
| fixed length control field | 220204b mx ||||| |||| 00| 0 spa d |
| 020 ## - INTERNATIONAL STANDARD BOOK NUMBER | |
| International Standard Book Number | 9681908767 |
| 050 04 - LIBRARY OF CONGRESS CALL NUMBER | |
| Classification number | BJ1435 |
| Item number | S27 2002 |
| 100 1# - MAIN ENTRY--PERSONAL NAME | |
| Personal name | Sassier, Phillippe, |
| Relator term | autor. |
| 240 10 - UNIFORM TITLE | |
| Uniform title | Pourquoia la tolerance. |
| Language of a work | Español |
| 245 10 - TITLE STATEMENT | |
| Title | Tolerancia, ¿para que? / |
| Statement of responsibility, etc | Phillipie Sassier |
| 260 ## - PUBLICATION, DISTRIBUTION, ETC. (IMPRINT) | |
| Place of publication, distribution, etc | México : |
| Name of publisher, distributor, etc | Taurus, |
| Date of publication, distribution, etc | 2002 |
| 300 ## - PHYSICAL DESCRIPTION | |
| Extent | 203 páginas ; |
| Dimensions | 21 cm |
| 650 #7 - SUBJECT ADDED ENTRY--TOPICAL TERM | |
| Source of heading or term | lemb |
| Topical term or geographic name as entry element | Tolerancia |
| 650 #7 - SUBJECT ADDED ENTRY--TOPICAL TERM | |
| Source of heading or term | lemb |
| Topical term or geographic name as entry element | Libertad de conciencia |
| 942 ## - ADDED ENTRY ELEMENTS (KOHA) | |
| Source of classification or shelving scheme | Biblioteca del Cogreso de los Estados Unidos |
| Koha item type | Libro |
| Estado de pérdida | Fuente de clasificación | Estado del daño | No para préstamo | Ubicación permanente | Ubicación actual | Apartado o colección | Fecha de adquisición | Fuente de adquisición | Edición | Dependencia de educación superior (DES) | Área del conocimiento | Total Checkouts | Clasificación | Código de Barras | Date last seen | Número de copia | Costo por reposición | Tipo de recurso |
|---|---|---|---|---|---|---|---|---|---|---|---|---|---|---|---|---|---|---|
| Biblioteca del Cogreso de los Estados Unidos | Biblioteca del Instituto de Investigaciones Históricas | Biblioteca del Instituto de Investigaciones Históricas | General | 04/02/2022 | Donación | 1a ed. | Humanidades | Ciencias Sociales y Administrativas | BJ1435 S27 2002 | IIH000032069 | 04/02/2022 | 1 | 1.00 | Libro | ||||
| Biblioteca del Cogreso de los Estados Unidos | Biblioteca del Instituto de Investigaciones Históricas | Biblioteca del Instituto de Investigaciones Históricas | General | 15/01/2024 | Donación | 1a ed. | Humanidades | Educación y Humanidades | BJ1435 S27 2002 | IIH000035723 | 15/01/2024 | 2 | 1.00 | Libro |